Biblioteki Polonii Amerykańskiej
Biblioteka Instytutu Józefa Piłsudskiego w Ameryce
Library of the Józef Piłsudski Institute of America
Biblioteka imienia Alfreda Jurzykowskiego Polskiego Instytutu Naukowego w Ameryce
The Alfred Jurzykowski Memorial Library of the Polish Institute of Arts & Sciences of America
Biblioteka Marjanczyków Polskiej Fundacji Kulturalnej
The Marjanczyk Library of the Polish Cultural Foundation

Biblioteka Fundacji Kościuszkowskiej
Library of the Kosciuszko Foundation

Polska krwawi Polska walczy : (Record no. 91080)

MARC details
000 -LEADER
fixed length control field 02146nam a2200613 i 4500
001 - CONTROL NUMBER
control field 991053120151205066
003 - CONTROL NUMBER IDENTIFIER
control field NyNyJPI
005 - DATE AND TIME OF LATEST TRANSACTION
control field 20260408160602.0
008 - FIXED-LENGTH DATA ELEMENTS--GENERAL INFORMATION
fixed length control field 240904s2024 pl abh |001 0 pol c
009 - PHYSICAL DESCRIPTION FIXED-FIELD FOR ARCHIVAL COLLECTION (VM) [OBSOLETE]
fixed length control field b1000005755255
015 ## - NATIONAL BIBLIOGRAPHY NUMBER
National bibliography number UWD 2024/28765
020 ## - INTERNATIONAL STANDARD BOOK NUMBER
International Standard Book Number 9788308084700
Qualifying information (oprawa twarda) :
Terms of availability zł 89,90
035 ## - SYSTEM CONTROL NUMBER
System control number (PL)b1000005755255
035 ## - SYSTEM CONTROL NUMBER
System control number (EXLNZ-48OMNIS_NETWORK)9914281829505606
040 ## - CATALOGING SOURCE
Original cataloging agency SZCZ M
Transcribing agency SZCZ M
Modifying agency SZCZ M
-- MBPWR
-- WA N
-- WR M
-- KR U
-- KOSZ W
-- GD U
-- KIEL W
-- WR 16
-- KR 295
-- ZDU_1
-- Ł M
-- ELBLAG M
-- LUBL KUL
045 2# - TIME PERIOD OF CONTENT
Formatted 9999 B.C. through C.E. time period d1939
-- d1945
046 ## - SPECIAL CODED DATES
Beginning or single date created 2024
080 ## - UNIVERSAL DECIMAL CLASSIFICATION NUMBER
Universal Decimal Classification number 94(438).082
084 ## - OTHER CLASSIFICATION NUMBER
Classification number 02
100 1# - MAIN ENTRY--PERSONAL NAME
Personal name Chwalba, Andrzej
Dates associated with a name (1949- )
Relator term Autor
245 10 - TITLE STATEMENT
Title Polska krwawi Polska walczy :
Remainder of title jak żyło się pod okupacją 1939-1945 /
Statement of responsibility, etc. Andrzej Chwalba.
246 30 - VARYING FORM OF TITLE
Title proper/short title Jak żyło się pod okupacją 1939-1945
250 ## - EDITION STATEMENT
Edition statement Wydanie pierwsze.
260 ## - PUBLICATION, DISTRIBUTION, ETC.
Place of publication, distribution, etc. Kraków :
Name of publisher, distributor, etc. Wydawnictwo Literackie,
Date of publication, distribution, etc. 2024.
300 ## - PHYSICAL DESCRIPTION
Extent 538, [6] stron :
Other physical details faksymilia, fotografie, mapy ;
Dimensions 25 cm.
336 ## - CONTENT TYPE
Content type term Tekst
Content type code txt
Source rdacontent
337 ## - MEDIA TYPE
Media type term Bez urządzenia pośredniczącego
Media type code n
Source rdamedia
338 ## - CARRIER TYPE
Carrier type term Wolumin
Carrier type code nc
Source rdacarrier
380 ## - FORM OF WORK
Form of work Książki
380 ## - FORM OF WORK
Form of work Publikacje popularnonaukowe
388 1# - TIME PERIOD OF CREATION
Time period of creation term 2001-
504 ## - BIBLIOGRAPHY, ETC. NOTE
Bibliography, etc. note Bibliografia na stronach 515-524. Indeks.
648 #7 - SUBJECT ADDED ENTRY--CHRONOLOGICAL TERM
Chronological term 1901-2000
Source of heading or term DBN
648 #7 - SUBJECT ADDED ENTRY--CHRONOLOGICAL TERM
Chronological term 1939-1945
Source of heading or term DBN
650 #7 - SUBJECT ADDED ENTRY--TOPICAL TERM
Topical term or geographic name entry element Ludobójstwo niemieckie (1939-1945)
Source of heading or term DBN
650 #7 - SUBJECT ADDED ENTRY--TOPICAL TERM
Topical term or geographic name entry element Okupacja litewska Wileńszczyzny (1939-1940)
Source of heading or term DBN
650 #7 - SUBJECT ADDED ENTRY--TOPICAL TERM
Topical term or geographic name entry element Okupacja niemiecka Polski (1939-1945)
Source of heading or term DBN
650 #7 - SUBJECT ADDED ENTRY--TOPICAL TERM
Topical term or geographic name entry element Okupacja słowacka Spiszu i Orawy (Polska ; 1939-1945)
Source of heading or term DBN
650 #7 - SUBJECT ADDED ENTRY--TOPICAL TERM
Topical term or geographic name entry element Okupacja sowiecka Polski (1939-1941)
Source of heading or term DBN
650 #7 - SUBJECT ADDED ENTRY--TOPICAL TERM
Topical term or geographic name entry element Polacy
Source of heading or term DBN
650 #7 - SUBJECT ADDED ENTRY--TOPICAL TERM
Topical term or geographic name entry element Życie codzienne
Source of heading or term DBN
650 #7 - SUBJECT ADDED ENTRY--TOPICAL TERM
Topical term or geographic name entry element Żydzi
Source of heading or term DBN
650 #0 - SUBJECT ADDED ENTRY--TOPICAL TERM
Topical term or geographic name entry element World War, 1939-1945
Geographic subdivision Poland
651 #7 - SUBJECT ADDED ENTRY--GEOGRAPHIC NAME
Geographic name Litwa
Source of heading or term DBN
651 #7 - SUBJECT ADDED ENTRY--GEOGRAPHIC NAME
Geographic name Niemcy
Source of heading or term DBN
651 #7 - SUBJECT ADDED ENTRY--GEOGRAPHIC NAME
Geographic name Polska
Source of heading or term DBN
651 #7 - SUBJECT ADDED ENTRY--GEOGRAPHIC NAME
Geographic name Słowacja
Source of heading or term DBN
651 #7 - SUBJECT ADDED ENTRY--GEOGRAPHIC NAME
Geographic name ZSRR
Source of heading or term DBN
651 #0 - SUBJECT ADDED ENTRY--GEOGRAPHIC NAME
Geographic name Poland
General subdivision History
Chronological subdivision Occupation, 1939-1945
655 #7 - INDEX TERM--GENRE/FORM
Genre/form data or focus term Opracowanie
Source of term DBN
658 ## - INDEX TERM--CURRICULUM OBJECTIVE
Main curriculum objective Historia
710 2# - ADDED ENTRY--CORPORATE NAME
Corporate name or jurisdiction name as entry element Wydawnictwo Literackie
Relator term Wydawca
Relationship pbl
942 ## - ADDED ENTRY ELEMENTS (KOHA)
Source of classification or shelving scheme Other/Generic Classification Scheme
Koha item type Books
Suppress in OPAC No
Holdings
Withdrawn status Lost status Source of classification or shelving scheme Damaged status Not for loan Home library Current library Date acquired Total checkouts Full call number Date last seen Price effective from Koha item type
    Other/Generic Classification Scheme   Not for loan Józef Piłsudski Institute Józef Piłsudski Institute 04/08/2026   K 1817 04/08/2026 04/08/2026 Books